Resúmenes ganadores del Primer Concurso de Tesis con Enfoque de Género

Enregistré dans:
Détails bibliographiques
Collectivité auteur: Servicio Nacional de la Mujer (Auteur)
Format: Livre
Langue:espagnol
Publié: Santiago Servicio Nacional de la Mujer 2011
Sujets:
Tags: Ajouter un tag
Pas de tags, Soyez le premier à ajouter un tag!

MARC

LEADER 00000cam a2200000 a 4500
001 UCF7932
003 CL-VaPUC
008 130711e20110000CL |||||||||||||||||spa|d
082 0 4 |a 305.4  |b SER  |2 21 
110 2 |a Servicio Nacional de la Mujer  |e author  |9 570024 
245 1 0 |a Resúmenes ganadores del Primer Concurso de Tesis con Enfoque de Género 
300 |a 107 p 
942 |c BK 
945 |d 20130711 00:00:00  |a dcastane 
260 |a Santiago  |b Servicio Nacional de la Mujer  |c 2011 
600 0 7 |a SERNAM  |2 CL-VaPUC  |9 394009 
650 0 |a Mujeres  |9 257649 
650 0 |a Mujeres trabajadoras  |9 259236 
650 0 |a Género  |9 395998 
650 0 |a Igualdad de género   |9 546896 
650 7 |a TESIS  |2 CL-VaPUC  |9 257341 
650 0 |a Ciencias sociales  |v Investigación  |9 307767 
583 |a last modification  |c 20130711 11:26:00  |k Rodrigo Vera 
999 |c 352650  |d 352648 
952 |0 0  |1 0  |4 0  |6 305_400000000000000_SER_2011  |7 0  |8 A  |9 457254  |a BIBGIM  |b BIBGIM  |d 2019-11-22  |i 4987624  |o 305.4 SER 2011  |p 4987624  |r 2025-01-15  |w 2019-11-22  |y BK  |k GIM